[Event "28. Offene Internationale Bayerische Schachmeisterschaft"]
[Site "Gmund am Tegernsee"]
[Date "2025.11.02"]
[Round "2"]
[Board "6"]
[White "Visakh, N R"]
[Black "Huber, Benedikt"]
[Result "1-0"]
[WhiteElo "2540"]
[BlackElo "2261"]
[PlyCount "0"]
[EventDate "2025.11.01"]
[EventRounds "9"]
[EventCountry "GER"]

1. Nf3 Nf6 2. g3 d5 3. Bg2 Bg4 4. c4 c6 5. O-O e6 6. cxd5 Bxf3 7. Bxf3 cxd5 8. d4
Bd6 9. Nc3 Nc6 10. e3 O-O 11. Bd2 Rc8 12. Rc1 g6 13. Re1 Qd7 14. Re2 Rb8 15. Be1
b5 16. Rec2 Rfc8 17. Be2 a6 18. a3 Be7 19. Bf1 Qb7 20. Qd3 Qb6 21. Na2 Rc7 22. Qe2
Rbc8 23. a4 Na7 24. axb5 Nxb5 25. Nc3 Nxc3 26. Rxc3 Rxc3 27. Bxc3 Bb4 28. Qxa6 Qxa6
29. Bxa6 Rc6 30. Bb5 Rb6 31. Bxb4 Rxb5 32. Rc8+ Kg7 33. Bf8+ Kg8 34. Bh6+ Ne8 35.
Rxe8#  1-0

[Event "28. Offene Internationale Bayerische Schachmeisterschaft"]
[Site "Gmund am Tegernsee"]
[Date "2025.11.02"]
[Round "2"]
[Board "7"]
[White "Aakanksha, Hagawane"]
[Black "Gopal, G.N."]
[Result "0-1"]
[WhiteElo "2274"]
[BlackElo "2539"]
[PlyCount "0"]
[EventDate "2025.11.01"]
[EventRounds "9"]
[EventCountry "GER"]

1. e4 c5 2. Nf3 d6 3. d4 cxd4 4. Nxd4 Nf6 5. Nc3 a6 6. f4 e5 7. Nb3 Nc6 8. Bd3 Be7
9. O-O O-O 10. Nd5 Nxd5 11. exd5 Nb4 12. Be4 f5 13. Bf3 a5 14. a3 Na6 15. Be3 a4
16. Nd2 exf4 17. Bxf4 Nc5 18. Kh1 Bf6 19. Rb1 b5 20. Be2 Rb8 21. Be3 Re8 22. Bxc5
dxc5 23. c4 b4 24. Bd3 Re3 25. Rf3 Rxf3 26. Nxf3 Bd7 27. Qd2 bxa3 28. bxa3 Rb3 29.
Bc2 Rxa3 30. d6 Qa8 31. Qe2 Ra2 32. Qd3 a3 33. Ne1 Bd4 34. Qb3 Rb2 35. Rxb2 axb2
36. Bb1 Qe8 37. Nf3 Qe2 38. Bd3 Qe3 39. h3 Bf6 40. Qc2 Qe6 41. Qb1 Qxd6 42. Bc2 g6
43. Qa2 Qb8 44. Bb1 Bc6 45. Qa3 Qd6 46. Qa6 Kg7 47. Bc2 Qd7  0-1

[Event "28. Offene Internationale Bayerische Schachmeisterschaft"]
[Site "Gmund am Tegernsee"]
[Date "2025.11.02"]
[Round "2"]
[Board "8"]
[White "Koehler, Christian Friedrich"]
[Black "Sasikiran, Krishnan"]
[Result "0-1"]
[WhiteElo "2274"]
[BlackElo "2535"]
[PlyCount "0"]
[EventDate "2025.11.01"]
[EventRounds "9"]
[EventCountry "GER"]

1. e4 g6 2. d4 Bg7 3. Nf3 d6 4. Be2 Nf6 5. Nc3 O-O 6. O-O c6 7. a4 Qc7 8. h3 Nbd7
9. a5 e5 10. dxe5 Nxe5 11. Nxe5 dxe5 12. Bc4 Nh5 13. Be3 Nf4 14. Bc5 Rd8 15. Qc1
Be6 16. Bxe6 Nxe6 17. Be3 Nd4 18. Re1 Rd7 19. b4 Bf8 20. Qb2 Qd8 21. Na4 Qh4 22.
c3 Ne6 23. Qc2 Rad8 24. Nb2 Bh6 25. Rad1 Bxe3 26. Rxe3 Rxd1+ 27. Nxd1 Nf4 28. Kf1
Rd7 29. Re1 Nd3 30. Re2 c5 31. bxc5 Nxc5 32. Nb2 Qd8 33. Nc4 Nd3 34. Rd2 Nf4 35.
f3 Rxd2 36. Qxd2 Qc7 37. Qa2 Qc5 38. h4 Nh5 39. g4 Nf4 40. Qb3 Nd3 41. Qa2 Kg7 42.
g5 b5 43. axb6 axb6 44. Kg2 b5 45. Na3 Nf4+ 46. Kh2 Qxc3 47. Nxb5 Qe1 48. Nd6 Qxh4+
49. Kg1 Qg3+ 50. Kf1 Qxf3+  0-1

[Event "28. Offene Internationale Bayerische Schachmeisterschaft"]
[Site "Gmund am Tegernsee"]
[Date "2025.11.02"]
[Round "2"]
[Board "9"]
[White "Hardaway, Brewington"]
[Black "Doll, Alexander"]
[Result "1-0"]
[WhiteElo "2522"]
[BlackElo "2234"]
[PlyCount "0"]
[EventDate "2025.11.01"]
[EventRounds "9"]
[EventCountry "GER"]

1. c4 e6 2. Nf3 Nf6 3. Nc3 d5 4. e3 Nbd7 5. b3 Bd6 6. Bb2 b6 7. cxd5 exd5 8. Qc2
c6 9. Nd4 Bb7 10. Nf5 Bf8 11. d4 g6 12. Ng3 h5 13. Bd3 h4 14. Nge2 Bd6 15. O-O-O
Qe7 16. Kb1 O-O-O 17. Nb5 Kb8 18. Nxd6 Qxd6 19. Nc3 Rde8 20. h3 Re7 21. Rhe1 Rhe8
22. f3 Rxe3 23. Rxe3 Rxe3 24. Qf2 Re8 25. Qxh4 a6 26. Bc1 Ka7 27. Bf4 Qb4 28. Bd2
Qd6 29. Bf4 Qb4 30. Kb2 Re6 31. a3 Qe7 32. g4 a5 33. Qf2 Ba6 34. Bxa6 Kxa6 35. Rd3
b5 36. Re3 a4 37. Rxe6 fxe6 38. bxa4 Nb6 39. axb5+ cxb5 40. Ka2 b4 41. Qe2+ Nc4 42.
Nxd5 Nxd5 43. Qxc4+ Kb6 44. Bd2 bxa3 45. Qb3+ Kc6 46. Qc2+ Kb7 47. Qxg6 Qc7 48. Qb1+
Ka8 49. Qd3 Qh2 50. Kxa3 Qxh3 51. Bb4 Kb7 52. Qb5+ Kc7 53. Ba5+ Kd6 54. Qb8+ Kc6
55. Qe8+ Kb7 56. Qb5+ Ka7 57. Qd3 Qh1 58. Bd2 Qd1 59. Kb2 Nb6 60. g5 Qa4 61. Bc1
Nc4+ 62. Kb1 Qb5+ 63. Kc2 Qa4+ 64. Qb3 Qc6 65. Kb1 Qd5 66. Qa4+ Kb6 67. Qb4+ Ka6
68. Qc5 Qb7+ 69. Kc2 Na5 70. Qc3 Qd5 71. g6 Kb6  1-0

[Event "28. Offene Internationale Bayerische Schachmeisterschaft"]
[Site "Gmund am Tegernsee"]
[Date "2025.11.02"]
[Round "2"]
[Board "10"]
[White "Habermann, Jochen"]
[Black "Vrolijk, Liam"]
[Result "0-1"]
[WhiteElo "2272"]
[BlackElo "2521"]
[PlyCount "0"]
[EventDate "2025.11.01"]
[EventRounds "9"]
[EventCountry "GER"]

1. d4 d5 2. Bf4 c5 3. e3 cxd4 4. exd4 Nc6 5. c3 Bf5 6. Bd3 Bxd3 7. Qxd3 e6 8. Nf3
Nge7 9. Nbd2 Ng6 10. Bg3 Bd6 11. O-O O-O 12. Rfe1 Bxg3 13. hxg3 Qd6 14. Nf1 Rad8
15. Ne3 f6 16. Rad1 Rfe8 17. Re2 a6 18. Qc2 Qd7 19. Ne1 Qf7 20. Qb3 Qc7 21. Nf3 Nge7
22. a3 Nc8 23. Rde1 Qf7 24. Nc2 Nd6 25. Nb4 Na5 26. Qa2 Nac4 27. Nd3 Ne4 28. Qa1
g5 29. b3 Na5 30. Qb2 Rc8 31. Rc1 Qg6 32. a4 Nxg3 33. Rd2 Ne4 34. Rdd1 h5 35. b4
Nc4 36. Qe2 b6 37. a5 bxa5 38. bxa5 Nxa5 39. Qa2 Nc4 40. Qxa6 h4 41. Nc5 h3 42. g4
Nxc5 43. dxc5 Qe4 44. Ne1 Qxg4+ 45. Kh1 Qe2 46. Kg1 h2+ 47. Kh1 Qf1+  0-1

[Event "28. Offene Internationale Bayerische Schachmeisterschaft"]
[Site "Gmund am Tegernsee"]
[Date "2025.11.02"]
[Round "2"]
[Board "11"]
[White "Ghazarian, Kirk"]
[Black "Grebennikov, Nikolai A."]
[Result "1-0"]
[WhiteElo "2520"]
[BlackElo "2224"]
[PlyCount "0"]
[EventDate "2025.11.01"]
[EventRounds "9"]
[EventCountry "GER"]

1. e4 c5 2. Nf3 e6 3. d4 cxd4 4. Nxd4 Nc6 5. Nc3 Qc7 6. Ncb5 Qb8 7. Bd3 a6 8. Nxc6
bxc6 9. Nd4 Bd6 10. Nf3 Ne7 11. h4 c5 12. h5 Bb7 13. h6 gxh6 14. Qe2 Rg8 15. Rxh6
Rxg2 16. Rxh7 Bf4 17. Be3 c4 18. Bxc4 Bxe4 19. Rh8+ Rg8 20. Rxg8+ Nxg8 21. O-O-O
Nf6 22. Nd2 Qe5 23. Bb3 Bd5 24. Kb1 Bxe3 25. fxe3 Ke7 26. Rf1 Rg8 27. Bxd5 Nxd5 28.
e4 Rb8 29. Nb3 f5 30. Qxa6 Qxe4 31. Qa7 Ne3 32. Qc5+ Kf7 33. Re1 f4 34. Nd4 Rh8 35.
Qd6 Nf5 36. Qxd7+ Kf6 37. Nf3 Qxf3 38. Qxe6+ Kg5 39. Rg1+ Qg3 40. Qe1 Qxg1 41. Qxg1+
Ng3 42. Qc5+ Kg4 43. a4 Rh1+ 44. Ka2 f3 45. a5 Ne4 46. Qe3 Ng5 47. a6 Rh6 48. a7
Ra6+ 49. Kb1 Nh3 50. Qe4+ Kg3 51. a8=Q Rxa8 52. Qxa8 f2 53. Qa6 Kg2 54. Qg6+ Kf3
55. Qd3+ Kg2 56. b4 Ng1 57. b5 Nf3 58. b6 Ne5 59. Qe4+ Kg1 60. Qxe5 f1=Q+ 61. Kb2
Qc4 62. Qg3+ Kh1 63. Qb3 Qd4+ 64. Ka2 Qc5 65. c3 Kg2 66. b7 Qa7+ 67. Kb1 Qg1+ 68.
Kb2 Qf2+ 69. Qc2 Kh1 70. b8=Q Qb6+ 71. Qb3 Qf2+ 72. Ka3  1-0

[Event "28. Offene Internationale Bayerische Schachmeisterschaft"]
[Site "Gmund am Tegernsee"]
[Date "2025.11.02"]
[Round "2"]
[Board "12"]
[White "Ongut, Tamas Gunes"]
[Black "Gholami Orimi, Mahdi"]
[Result "0-1"]
[WhiteElo "2264"]
[BlackElo "2513"]
[PlyCount "0"]
[EventDate "2025.11.01"]
[EventRounds "9"]
[EventCountry "GER"]

1. e4 e5 2. Nf3 Nc6 3. Bb5 a6 4. Ba4 Nge7 5. Nc3 g6 6. d4 exd4 7. Nd5 Bg7 8. Bg5
b5 9. Bb3 h6 10. Bf6 O-O 11. Qd2 Bxf6 12. Nxf6+ Kg7 13. Ng4 Ng8 14. Nxd4 Nxd4 15.
Qxd4+ Kh7 16. O-O-O d6 17. Ne3 c5 18. Qxd6 Qxd6 19. Rxd6 c4 20. Nxc4 bxc4 21. Bxc4
Kg7 22. Rhd1 Ra7 23. R1d4 Re8 24. a4 a5 25. Bb5 Ree7 26. Kd2 Nf6 27. f3 Be6 28. c3
Rec7 29. Ra6 Rxa6 30. Bxa6 Nd7 31. b4 Nb6 32. Bb5 Ra7 33. Rd6 Nc4+ 34. Bxc4 Bxc4
35. b5 Kf8 36. Rd4 Bb3 37. Kc1 Ke7 38. Kb2 Be6 39. c4 Rd7 40. Kc3 Rxd4 41. Kxd4 Kd6
42. h4 h5 43. g3 Bh3 44. c5+ Kc7 45. c6 Kb6 46. Ke5 Bg2 47. f4 Bf3 48. f5 gxf5 49.
exf5 Kc7 50. Kf4 Bd1 51. Kg5 Bxa4 52. g4 hxg4 53. Kxg4 Bd1+ 54. Kg5 a4 55. h5 a3
 0-1

[Event "28. Offene Internationale Bayerische Schachmeisterschaft"]
[Site "Gmund am Tegernsee"]
[Date "2025.11.02"]
[Round "2"]
[Board "13"]
[White "Chasin, Nico"]
[Black "Schnepp, Gunnar"]
[Result "1-0"]
[WhiteElo "2512"]
[BlackElo "2221"]
[PlyCount "0"]
[EventDate "2025.11.01"]
[EventRounds "9"]
[EventCountry "GER"]

1. d4 Nf6 2. c4 c5 3. d5 b5 4. cxb5 a6 5. bxa6 g6 6. Nc3 Bg7 7. e4 O-O 8. a7 Rxa7
9. Nf3 e6 10. Be2 exd5 11. exd5 d6 12. O-O Na6 13. Nb5 Rd7 14. Bc4 Bb7 15. Qb3 Qa8
16. Bf4 Rfd8 17. Rad1 Nb4 18. Nc3 Ba6 19. a4 Bxc4 20. Qxc4 Qa6 21. Nd2 Ra8 22. Qxa6
Rxa6 23. Nc4 Nh5 24. Bc1 Re7 25. Nb5 Nf6 26. Bf4 Re4 27. Nc7 Ra7 28. Nb5 Ra6 29.
Nc7 Ra7 30. Nxd6 Rxf4 31. Ndb5 Rxa4 32. d6 Nd7 33. Rfe1 Be5 34. g3 Rf6 35. f4 Bxd6
36. Nxd6 Nf8 37. Re8 Ra7 38. Ndb5 Ra2 39. Rdd8 Rxb2 40. g4 Rxf4 41. Rxf8+ Kg7 42.
Ne6+ fxe6 43. Rxf4 Nd5 44. Rd7+ Kh6 45. Rff7 Kg5 46. Nd6 Ne3 47. Ne4+ Kxg4 48. h3+
 1-0

[Event "28. Offene Internationale Bayerische Schachmeisterschaft"]
[Site "Gmund am Tegernsee"]
[Date "2025.11.02"]
[Round "2"]
[Board "14"]
[White "Soumya, Swaminathan"]
[Black "Gokerkan, Cem Kaan"]
[Result "0-1"]
[WhiteElo "2256"]
[BlackElo "2502"]
[PlyCount "0"]
[EventDate "2025.11.01"]
[EventRounds "9"]
[EventCountry "GER"]

1. e4 e6 2. d4 d5 3. e5 c5 4. c3 Nc6 5. Nf3 Bd7 6. Be2 Nge7 7. O-O Nf5 8. dxc5 a5
9. g4 Nh4 10. Nxh4 Qxh4 11. Be3 h5 12. gxh5 Nxe5 13. f4 Nc4 14. Bd4 a4 15. Qc2 Ra5
16. Nd2 Bxc5 17. b4 Bxd4+ 18. cxd4 Ne3 19. Qc7 Ra8 20. Rf2 Qd8 21. Qxb7 Rb8 22. Qa7
Rxb4 23. Rc1 O-O 24. Nf3 Rb2 25. Ne5 Be8 26. Bd3 Rxf2 27. Kxf2 Nf5 28. Bxf5 Qh4+
29. Ke3 exf5 30. Rc8 Qe1+ 31. Kf3 Qf1+ 32. Kg3 Qg1+ 33. Kf3 Qxh2 34. Ke3 Kh7 35.
Qe7 Bb5 36. Rc4 Bxc4 37. Nxc4 Rc8 38. Qxf7 Qh3+ 39. Kf2 dxc4 40. h6 Rg8  0-1

[Event "28. Offene Internationale Bayerische Schachmeisterschaft"]
[Site "Gmund am Tegernsee"]
[Date "2025.11.02"]
[Round "2"]
[Board "15"]
[White "Celik, Hasan Huseyin"]
[Black "Celik, Ali Alper"]
[Result "1-0"]
[WhiteElo "2494"]
[BlackElo "2219"]
[PlyCount "0"]
[EventDate "2025.11.01"]
[EventRounds "9"]
[EventCountry "GER"]

1. Nf3 Nf6 2. c4 e6 3. b3 d5 4. Bb2 c5 5. cxd5 exd5 6. g3 Nc6 7. Bg2 d4 8. O-O Be7
9. Na3 O-O 10. e3 Bf5 11. exd4 cxd4 12. Nc4 Bd3 13. Re1 Bxc4 14. bxc4 Bc5 15. d3
Qc7 16. Nd2 Rfe8 17. Rxe8+ Rxe8 18. Nb3 Qd6 19. Qd2 Bb4 20. Qc2 Bc5 21. Nxc5 Qxc5
22. Qd2 Qe5 23. Rb1 h6 24. h3 Nd7 25. Ba3 Qa5 26. Qxa5 Nxa5 27. Bb4 Nc6 28. Bd6 Re6
29. c5 Re2 30. Rxb7 Nde5 31. Bd5 Re1+ 32. Kg2 g6 33. Rc7  1-0

[Event "28. Offene Internationale Bayerische Schachmeisterschaft"]
[Site "Gmund am Tegernsee"]
[Date "2025.11.02"]
[Round "2"]
[Board "16"]
[White "Ramien, David"]
[Black "Nigmatov, Ortik"]
[Result "1-0"]
[WhiteElo "2231"]
[BlackElo "2493"]
[PlyCount "0"]
[EventDate "2025.11.01"]
[EventRounds "9"]
[EventCountry "GER"]

1. Nf3 d5 2. e3 Nf6 3. c4 e6 4. Nc3 a6 5. b3 b6 6. cxd5 exd5 7. Bb2 Bb7 8. d4 Bd6
9. Bd3 Nbd7 10. O-O O-O 11. Ne2 Qe7 12. Rc1 Rfe8 13. Qc2 Rac8 14. Ng3 g6 15. Qe2
Ra8 16. Rc2 Ne4 17. Rfc1 Nxg3 18. hxg3 Rec8 19. g4 b5 20. g3 Rab8 21. Kg2 Nf6 22.
Nh2 h6 23. Rh1 Re8 24. Rcc1 Bc8 25. a3 Kg7 26. b4 Qe6 27. Nf3 Qxg4 28. Rh4 Qe6 29.
Ne5 Bb7 30. f4 Rh8 31. g4 Qe7 32. Rch1 Rbg8 33. Kf1 h5 34. g5 Nd7 35. Qg2 Kf8 36.
Qc2 Ke8 37. Kf2 Nb6 38. Bf1 Nc4 39. Bc1 Bxe5 40. dxe5 Kd8 41. Bg2 Kc8 42. Bb2 Kb8
43. Ra1 c5 44. bxc5 Nxb2 45. Qxb2 Rc8 46. Rc1 Rxc5 47. Rxc5 Qxc5 48. e6 Rf8 49. Qe5+
Ka7 50. f5 gxf5 51. exf7 Rxf7 52. Qd4 Qxd4 53. exd4 Rg7 54. Rxh5 Bc6 55. Kf3 a5 56.
Kf4 Kb7 57. Kxf5 Rf7+ 58. Ke6 Rf4 59. Bxd5 Rxd4 60. Bxc6+ Kxc6 61. g6 Rg4 62. Kf6
b4 63. axb4 axb4 64. g7 Kd6 65. Rg5 Kd5  1-0

[Event "28. Offene Internationale Bayerische Schachmeisterschaft"]
[Site "Gmund am Tegernsee"]
[Date "2025.11.02"]
[Round "2"]
[Board "17"]
[White "Chanda, Sandipan"]
[Black "Nied, Pascal"]
[Result "1-0"]
[WhiteElo "2483"]
[BlackElo "2215"]
[PlyCount "0"]
[EventDate "2025.11.01"]
[EventRounds "9"]
[EventCountry "GER"]

1. d4 Nf6 2. Bf4 d5 3. e3 e6 4. Nf3 Bd6 5. Nbd2 O-O 6. Bd3 c5 7. dxc5 Bxf4 8. exf4
Qc7 9. g3 Qxc5 10. O-O b6 11. Re1 Ba6 12. Nb3 Qd6 13. Rc1 Bxd3 14. cxd3 Nc6 15. Re2
Rac8 16. Rec2 Ne7 17. a3 Nd7 18. Nbd4 Rxc2 19. Rxc2 Rc8 20. Rxc8+ Nxc8 21. Qa4 h6
22. Qa6 Qc7 23. Nb5 Qc6 24. Nxa7 Nxa7 25. Qxa7 g5 26. fxg5 hxg5 27. Nxg5 e5 28. Nf3
e4 29. Nd4 Qc1+ 30. Kg2 Qxb2 31. Nf5 e3 32. Qxd7 Qxf2+ 33. Kh3 Qf1+ 34. Kh4  1-0

[Event "28. Offene Internationale Bayerische Schachmeisterschaft"]
[Site "Gmund am Tegernsee"]
[Date "2025.11.02"]
[Round "2"]
[Board "18"]
[White "Mohylnyi, Stepan"]
[Black "Ioannidis, Evgenios"]
[Result "1/2-1/2"]
[WhiteElo "2223"]
[BlackElo "2479"]
[PlyCount "0"]
[EventDate "2025.11.01"]
[EventRounds "9"]
[EventCountry "GER"]

1. e4 e5 2. Nf3 Nc6 3. Bb5 a6 4. Ba4 d6 5. O-O Bg4 6. c3 Qf6 7. d3 Nge7 8. Be3 h6
9. Nbd2 g5 10. d4 b5 11. Bc2 Bg7 12. d5 Na5 13. b4 Nc4 14. Nxc4 bxc4 15. Ba4+ c6
16. dxc6 O-O 17. h3 Bh5 18. Qe2 Rfc8 19. g4 Bg6 20. Nd2 d5 21. Bc5 Nxc6 22. exd5
Bd3 23. Qf3 Qxf3 24. Nxf3 Na7 25. Rfe1 e4 26. Nd4 Bxd4 27. Bxd4 Nb5 28. Bxb5 axb5
29. Be5 Rd8 30. d6 f6 31. Bxf6 Rxd6 32. Bd4 Rda6 33. Kg2 Rxa2 34. Rxa2 Rxa2 35. Kg3
Be2 36. h4 gxh4+ 37. Kxh4 Kh7 38. Kg3 Bf3 39. Kf4 Kg6 40. Rg1 Ra8 41. Ke5 Rd8 42.
Be3 Rd3 43. Bd4 Kg5 44. Kd6 Rd1 45. Rxd1 Bxd1 46. Be3+ Kxg4 47. Bxh6  1/2-1/2

[Event "28. Offene Internationale Bayerische Schachmeisterschaft"]
[Site "Gmund am Tegernsee"]
[Date "2025.11.02"]
[Round "2"]
[Board "19"]
[White "Naumann, Alexander"]
[Black "Wacker, Peter"]
[Result "1-0"]
[WhiteElo "2473"]
[BlackElo "2211"]
[PlyCount "0"]
[EventDate "2025.11.01"]
[EventRounds "9"]
[EventCountry "GER"]

1. e4 c6 2. d4 d5 3. e5 Bf5 4. Nf3 e6 5. Be2 Nd7 6. O-O Ne7 7. Nh4 c5 8. c3 Bxb1
9. Rxb1 Nc6 10. Nf3 cxd4 11. cxd4 Be7 12. a3 a5 13. Bd3 O-O 14. Bc2 Re8 15. Qd3 Nf8
16. Bd2 Qb6 17. h4 Qa6 18. Qe3 b5 19. Bd3 Qb6 20. h5 f5 21. Kh1 g5 22. Nxg5 Qxd4
23. Bxb5 Qh4+ 24. Qh3 Qxh3+ 25. gxh3 Bxg5 26. Bxg5 Nxe5 27. Bxe8 Rxe8 28. f4  1-0

[Event "28. Offene Internationale Bayerische Schachmeisterschaft"]
[Site "Gmund am Tegernsee"]
[Date "2025.11.02"]
[Round "2"]
[Board "20"]
[White "Eisele, Steffen"]
[Black "Stocek, Jiri"]
[Result "0-1"]
[WhiteElo "2211"]
[BlackElo "2471"]
[PlyCount "0"]
[EventDate "2025.11.01"]
[EventRounds "9"]
[EventCountry "GER"]

1. c4 e6 2. Nf3 Nf6 3. e3 b6 4. d4 Bb7 5. Bd3 g6 6. O-O Bg7 7. Nbd2 c5 8. b3 O-O
9. Bb2 d6 10. Rc1 Nbd7 11. Qe2 Re8 12. e4 cxd4 13. Bxd4 Qc7 14. Ba1 Rad8 15. Rfd1
Qb8 16. h3 Qa8 17. Bc2 a6 18. Re1 Nc5 19. Rcd1 d5 20. e5 Nfe4 21. b4 Nd7 22. Ba4
Nxd2 23. Rxd2 a5 24. c5 bxc5 25. bxc5 Bc6 26. Bxc6 Qxc6 27. Nd4 Qxc5 28. Rc2 Qf8
29. Nc6 Rc8 30. Bd4 Bh6 31. Qa6 Nb8 32. Qxc8 Rxc8 33. Ne7+ Qxe7 34. Rxc8+ Kg7 35.
Rxb8 Qc7 36. Reb1 Qc4 37. Bb6 Bf4 38. Bxa5 Bxe5 39. R8b3 Qa4  0-1

[Event "28. Offene Internationale Bayerische Schachmeisterschaft"]
[Site "Gmund am Tegernsee"]
[Date "2025.11.02"]
[Round "2"]
[Board "21"]
[White "Zelbel, Patrick"]
[Black "Ovsepyan, Arshak"]
[Result "1-0"]
[WhiteElo "2465"]
[BlackElo "2200"]
[PlyCount "0"]
[EventDate "2025.11.01"]
[EventRounds "9"]
[EventCountry "GER"]

1. e4 e6 2. d4 d5 3. Nc3 Nf6 4. e5 Nfd7 5. f4 c5 6. Nf3 Nc6 7. Be3 Be7 8. a3 a6 9.
dxc5 Nxc5 10. b4 Nd7 11. Bd3 Qc7 12. Ne2 b5 13. Ned4 Nxd4 14. Bxd4 Nb6 15. O-O Bd7
16. Qe1 Nc4 17. f5 exf5 18. Qg3 Be6 19. Qxg7 O-O-O 20. Qh6 Rhg8 21. a4 Rg6 22. Qh5
Rdg8 23. axb5 Rxg2+ 24. Kh1 R2g4 25. Rxa6 Rxd4 26. Nxd4 Qb7 27. Rfa1 Rg5 28. Qxh7
Nxe5 29. Qh8+  1-0

[Event "28. Offene Internationale Bayerische Schachmeisterschaft"]
[Site "Gmund am Tegernsee"]
[Date "2025.11.02"]
[Round "2"]
[Board "22"]
[White "Saad, Gabriel"]
[Black "Kuru, Atilla"]
[Result "0-1"]
[WhiteElo "2199"]
[BlackElo "2435"]
[PlyCount "0"]
[EventDate "2025.11.01"]
[EventRounds "9"]
[EventCountry "GER"]

1. e4 d6 2. d4 Nf6 3. Nc3 e5 4. Nf3 Nbd7 5. Bc4 Be7 6. O-O O-O 7. Re1 c6 8. a4 h6
9. h3 Re8 10. b3 exd4 11. Qxd4 Ne5 12. Be2 Nxf3+ 13. Bxf3 Nh7 14. Be3 Bf6 15. Qd3
Ng5 16. Bd2 Be5 17. Bh5 Ne6 18. f4 Nxf4 19. Bxf4 Bxf4 20. Rf1 Qh4 21. Bxf7+ Kxf7
22. Rxf4+ Qxf4 23. Rf1 Qxf1+ 24. Qxf1+ Kg8 25. Qd3 Rd8 26. Ne2 Be6 27. Nf4 Bf7 28.
a5 a6 29. Kh2 Re8 30. Ne2 Rad8 31. Ng3 Bg6 32. Qd4 d5 33. exd5 Rxd5 34. Qb6 Rd7 35.
Qb4 Kh7 36. c4 Re3 37. Qb6 Rdd3 38. Nf1 Re2 39. Ng3 Rb2 40. Qxb7 Rbxb3 41. Qxa6 Rxg3
42. Qxc6 Rge3  0-1

[Event "28. Offene Internationale Bayerische Schachmeisterschaft"]
[Site "Gmund am Tegernsee"]
[Date "2025.11.02"]
[Round "2"]
[Board "23"]
[White "Nasta, Kiren Vivek"]
[Black "Parvanyan, Ashot"]
[Result "0-1"]
[WhiteElo "2197"]
[BlackElo "2428"]
[PlyCount "0"]
[EventDate "2025.11.01"]
[EventRounds "9"]
[EventCountry "GER"]

1. e4 e5 2. Nf3 Nc6 3. Bc4 Nf6 4. d3 Be7 5. Nc3 d6 6. a4 O-O 7. O-O Na5 8. Ba2 Nc6
9. Bc4 Bg4 10. h3 Bxf3 11. Qxf3 Nd4 12. Qd1 Ne6 13. Kh1 c6 14. Ba2 d5 15. Qf3 Nd4
16. Qd1 dxe4 17. Nxe4 Nd5 18. Re1 Nb4 19. Bb1 Nd5 20. Ng3 f5 21. c3 f4 22. Nf1 Nf5
23. Rxe5 Bd6 24. Re4 f3 25. gxf3 Nh4 26. c4 Nf4 27. Bxf4 Bxf4 28. c5 Qg5 29. Ne3
Bxe3 30. Rg4 Qh6 31. fxe3 Nxf3 32. Rg3 Qxe3 33. Qb3+ Kh8 34. Qc3 Rf6 35. Ba2 Qf4
36. Rg2 Nh4 37. Rg4 Qf3+ 38. Kh2 Re8 39. Qd4 Re2+ 40. Kg1 Rg2+  0-1

[Event "28. Offene Internationale Bayerische Schachmeisterschaft"]
[Site "Gmund am Tegernsee"]
[Date "2025.11.02"]
[Round "2"]
[Board "24"]
[White "Wunderlich, Elias"]
[Black "Hess, Max"]
[Result "1-0"]
[WhiteElo "2184"]
[BlackElo "2403"]
[PlyCount "0"]
[EventDate "2025.11.01"]
[EventRounds "9"]
[EventCountry "GER"]

1. e4 c6 2. d4 d5 3. e5 Bf5 4. h4 h5 5. Bd3 Bxd3 6. Qxd3 Qa5+ 7. Nd2 e6 8. Ngf3 Qa6
9. c4 Bb4 10. b3 Ne7 11. O-O c5 12. dxc5 Nd7 13. Qc2 Rc8 14. a3 Bxc5 15. Qa2 b5 16.
b4 Bb6 17. c5 Bc7 18. Bb2 Ng6 19. Rfe1 Qb7 20. Qb3 Nb8 21. Nd4 Nc6 22. Nxc6 Qxc6
23. Nf3 O-O 24. Qd3 a6 25. g3 Qd7 26. Ng5 Bd8 27. Ne4 Bc7 28. f4 Ne7 29. Rad1 Nf5
30. Kh2 Qc6 31. Nd6 Bxd6 32. exd6 a5 33. Qe2 axb4 34. axb4 Ra8 35. Ra1 d4 36. Qg2
Qxg2+ 37. Kxg2 Rac8 38. Kf3 Rfd8 39. Re4 Ne3 40. Rc1 Nc4 41. Rxc4 bxc4 42. Rxd4 Kf8
43. Ke2 Ke8 44. Kd2 Kd7 45. Kc3 Ra8 46. Kxc4 Rdb8 47. Bc3 Ra4 48. f5 exf5 49. Rd5
f6 50. Rxf5 Ra2 51. Rf3 Kc6 52. Re3 Ra7 53. Re2 g5 54. Bxf6 gxh4 55. gxh4 Rf7 56.
Re7 Rb5 57. Rc7+ Rxc7 58. dxc7 Kd5+  1-0

[Event "28. Offene Internationale Bayerische Schachmeisterschaft"]
[Site "Gmund am Tegernsee"]
[Date "2025.11.02"]
[Round "2"]
[Board "25"]
[White "Cordes, Hans-Joerg"]
[Black "Kuegel, Tobias"]
[Result "0-1"]
[WhiteElo "2180"]
[BlackElo "2391"]
[PlyCount "0"]
[EventDate "2025.11.01"]
[EventRounds "9"]
[EventCountry "GER"]

1. d4 Nf6 2. c4 g6 3. Nc3 d5 4. Bf4 Bg7 5. Rc1 O-O 6. e3 c5 7. dxc5 Qa5 8. cxd5 Rd8
9. Bc4 Be6 10. Qb3 Nxd5 11. Nge2 Na6 12. O-O Nxc5 13. Qb5 Qxb5 14. Nxb5 Nxf4 15.
Nxf4 Bxb2 16. Nxe6 Nxe6 17. Rc2 Rdc8 18. Rb1 Bf6 19. Rbc1 a6 20. Bxe6 Rxc2 21. Rxc2
fxe6 22. Na3 b5 23. Kf1 h5 24. Rc6 Kf7 25. Rb6 Be5 26. h3 Bd6 27. Nc2 Ke8 28. Rc6
Kd7 29. Rc3 a5 30. Ke2 a4 31. a3 e5 32. e4 Rc8 33. Kd3 Rxc3+ 34. Kxc3 Bc5 35. f3
Ke6 36. g4 h4 37. Kd3 Kf6 38. Kd4  0-1

[Event "28. Offene Internationale Bayerische Schachmeisterschaft"]
[Site "Gmund am Tegernsee"]
[Date "2025.11.02"]
[Round "2"]
[Board "26"]
[White "Yelisieiev, Yevhenii"]
[Black "Loew, Gerald"]
[Result "0-1"]
[WhiteElo "2388"]
[BlackElo "2180"]
[PlyCount "0"]
[EventDate "2025.11.01"]
[EventRounds "9"]
[EventCountry "GER"]

1. d4 d5 2. c4 e6 3. Nf3 Nf6 4. Nc3 a6 5. c5 b6 6. cxb6 c5 7. Bf4 Bd6 8. Bxd6 Qxd6
9. dxc5 Qxc5 10. Qd4 Qd6 11. e3 Nbd7 12. Na4 Rb8 13. Be2 O-O 14. O-O Nxb6 15. Nc5
a5 16. Rfc1 Nbd7 17. b3 Rb4 18. Qc3 Nxc5 19. Qxc5 Qxc5 20. Rxc5 a4 21. bxa4 Rxa4
22. Ne5 Nd7 23. Nxd7 Bxd7 24. Bd1 Ra3 25. Bb3 Rfa8 26. Rac1 Kf8 27. f3 Ke7 28. Kf2
Kd6 29. e4 dxe4 30. fxe4 f6 31. Rh5 h6 32. e5+ fxe5 33. Rd1+ Ke7 34. Rxe5 R8a5 35.
Re3 Rf5+ 36. Kg1 Ra6 37. Rd4 Rd6 38. Rxd6 Kxd6 39. a4 Ra5 40. Re4 e5 41. Kf2 Be6
42. Bxe6 Kxe6 43. Rg4 g5 44. Rb4 h5 45. Ke3 Kf5 46. h3 h4 47. Kd3 Rd5+ 48. Kc2 Rc5+
49. Kb3 Rc1 50. Rc4 Rb1+ 51. Ka2 Rb8 52. Rc2 e4 53. Rb2 Re8 54. Rf2+ Ke5 55. Kb1
e3 56. Re2 Kd4 57. Kc2 Rc8+ 58. Kd1 Rf8 59. Ke1 Rb8 60. Ra2 Rb1+ 61. Ke2 Rg1 62.
Ra3 Rxg2+ 63. Kf1 Rg3 64. Ke2 Rxh3 65. a5 Rh2+ 66. Kf1 Rf2+ 67. Kg1 h3 68. a6 h2+
69. Kh1 e2 70. Ra4+ Kd5  0-1

[Event "28. Offene Internationale Bayerische Schachmeisterschaft"]
[Site "Gmund am Tegernsee"]
[Date "2025.11.02"]
[Round "2"]
[Board "27"]
[White "Turel, Tugrul"]
[Black "Dahl, Christoph"]
[Result "0-1"]
[WhiteElo "2180"]
[BlackElo "2387"]
[PlyCount "0"]
[EventDate "2025.11.01"]
[EventRounds "9"]
[EventCountry "GER"]

1. e4 e5 2. Nf3 Nc6 3. Bc4 Bc5 4. c3 Nf6 5. d3 d6 6. Nbd2 a6 7. a4 Ba7 8. O-O h6
9. Re1 Nh5 10. Nf1 Qf6 11. Ne3 Nf4 12. Nd5 Nxd5 13. Bxd5 Ne7 14. Ba2 Ng6 15. h3 Nh4
16. Nxh4 Bxf2+ 17. Kh1 Qxh4 18. Qf3 Bxh3 19. gxh3 Bxe1 20. Qxf7+ Kd8 21. Be6 Qe7
22. Qg6 Qf6 23. Qg4 h5 24. Qg5 Bh4 25. Qf5 Ke7 26. Qxf6+ Kxf6 27. Bb3 Bg5 28. Bxg5+
Kxg5 29. Rg1+ Kf4 30. Rxg7 Raf8 31. Rxc7 Ke3 32. Bc4 Rf1+ 33. Kg2 Rhf8 34. Rh7 h4
 0-1